| 000 | 00860cam a2200277 i 4500 | ||
|---|---|---|---|
| 999 |
_c200440929 _d59141 |
||
| 003 | TR-AnTOB | ||
| 005 | 20220805161546.0 | ||
| 007 | ta | ||
| 008 | 800709s1979 sz i000 0 eng | ||
| 010 | _a 80485924 | ||
| 040 |
_aDLC _beng _erda _cDLC _dDLC _dTR-AnTOB |
||
| 041 | 0 | _aeng | |
| 050 | 0 | 4 |
_aSF458.8 _b.I58 1979 |
| 090 |
_aSF458.8 _b.I58 1979 |
||
| 110 | 2 |
_aInternational Trade Centre UNCTAD/GATT _941419 |
|
| 245 | 1 | 0 |
_aInternational trade in tropical aquarium fish / _cInternational Trade Centre UNCTAD/GATT. |
| 264 | 1 |
_aGeneva : _bInternational Trade Centre, _c1979. |
|
| 300 |
_ax, 137 pages ; _c23 cm |
||
| 336 |
_atext _btxt _2rdacontent |
||
| 337 |
_aunmediated _bn _2rdamedia |
||
| 338 |
_avolume _bnc _2rdacarrier |
||
| 650 | 0 |
_aOrnamental fish trade _9130543 |
|
| 942 |
_2lcc _cBK |
||